Alec Baldwin: 15 Seconds of Fame Quiz Stats

 Plays Quiz not verified by Sporcle

Support Sporcle.
Go Orange.
Score 0/10 Timer 00:15
0 Plays Today
% Correct
Hat
95.3%
Girl
94.2%
Jane
90.7%
Polly
88.4%
October
87.2%
Apply
86%
Scissors
83.7%
Jasmine
80.2%
Mississippi
77.9%
Alice
65.1%

You're not logged in!

Compare scores with friends on all Sporcle quizzes.
OR
Log In

From the Vault

NHL Stats Leaders (1980s)

by Lauro

Believe it or not, some of these categories aren't led by 'The Great One'.
Remove Ads.
Support Sporcle.
Get the best of Sporcle when you Go Orange. This ad-free experience offers more features, more stats, and more fun while also helping to support Sporcle. Thank you for becoming a member.

Show Comments

Extras

Top Quizzes Today


Score Distribution

Your Account Isn't Verified!

In order to create a playlist on Sporcle, you need to verify the email address you used during registration. Go to your Sporcle Settings to finish the process.

Report this User

Report this user for behavior that violates our Community Guidelines.

Details: